| 000 | 00430nam a2200145Ia 4500 | ||
|---|---|---|---|
| 008 | 200619s9999 xx 000 0 und d | ||
| 020 | _a8177132164 | ||
| 082 | _a342.085HIM | ||
| 100 | _aHimmadi Yellapa B. | ||
| 245 | 0 | _aChenna Dasara (Karnataka Nomadic Community Studies -2) | |
| 264 |
_aBangalore _bKannada Pustaka Pradhikara _c2008 |
||
| 300 | _a236 | ||
| 942 | _cIR | ||
| 999 |
_c120071 _d120071 |
||